Southville International School and Colleges
Your cart is empty.
  • Cart
  • Lists
    Public lists Eva Luna New books Lux_list list_1
    Your lists Log in to create your own lists
  • Log in to your account
  • Your cookies
  • Search history
Southville International School and Colleges
  • Advanced search
  • Recent comments
  • Most popular
  • Libraries

Log in to your account

Log in with GOOGLE


If you do not have an external account, but do have a local account, you can still log in:

  1. Home
  2. MARC view: The curse of the cheese pyramid /
Normal view MARC view ISBD view

The curse of the cheese pyramid / (Record no. 34144)

[ view plain ]
MARC details
000 -LEADER
fixed length control field 01658cam a2200457 a 4500
001 - CONTROL NUMBER
control field 13645899
003 - CONTROL NUMBER IDENTIFIER
control field OSt
005 - DATE AND TIME OF LATEST TRANSACTION
control field 20140310184415.0
008 - FIXED-LENGTH DATA ELEMENTS--GENERAL INFORMATION
fixed length control field 040706s2004 nyuab b 000 1 eng d
010 ## - LIBRARY OF CONGRESS CONTROL NUMBER
LC control number 2004301114
020 ## - INTERNATIONAL STANDARD BOOK NUMBER
International Standard Book Number 0439559642 (pbk.)
035 ## - SYSTEM CONTROL NUMBER
System control number (OCoLC)ocm54483432
040 ## - CATALOGING SOURCE
Original cataloging agency UPZ
Transcribing agency UPZ
Modifying agency DLC
041 1# - LANGUAGE CODE
Language code of text/sound track or separate title eng
Language code of original and/or intermediate translations of text ita
042 ## - AUTHENTICATION CODE
Authentication code lcac
-- lccopycat
050 00 - LIBRARY OF CONGRESS CALL NUMBER
Classification number PZ 7
Item number .St857Cu 2004
100 ## - MAIN ENTRY--PERSONAL NAME
Personal name Stilton, Geronimo
245 04 - TITLE STATEMENT
Title The curse of the cheese pyramid /
Statement of responsibility, etc Geronimo Stilton
260 ## - PUBLICATION, DISTRIBUTION, ETC. (IMPRINT)
Place of publication, distribution, etc New York :
Name of publisher, distributor, etc Scholastic,
Date of publication, distribution, etc c2004.
300 ## - PHYSICAL DESCRIPTION
Extent 112 p. :
Other physical details col. ill., col. maps ;
Dimensions 20 cm.
500 ## - GENERAL NOTE
General note "English translation... by Edizioni Piemme S.p.A."--T.p. verso.
520 ## - SUMMARY, ETC.
Summary, etc Geronimo travels to Egypt to interview Professor Alrat Spitfur and learns the secret of the Seven Wonders of the Ancient Mouse World.
521 1# - TARGET AUDIENCE NOTE
Target audience note
526 ## - STUDY PROGRAM INFORMATION NOTE
Reading level 500
562 ## - COPY AND VERSION IDENTIFICATION NOTE
Number of copies 1
650 #0 - SUBJECT ADDED ENTRY--TOPICAL TERM
Topical term or geographic name as entry element Mice
Form subdivision Juvenile fiction.
9 (RLIN) 26314
650 #0 - SUBJECT ADDED ENTRY--TOPICAL TERM
Topical term or geographic name as entry element Animals
Form subdivision Juvenile fiction.
9 (RLIN) 26315
650 #0 - SUBJECT ADDED ENTRY--TOPICAL TERM
Topical term or geographic name as entry element Stilton, Geronimo (Fictitious character)
Form subdivision Juvenile fiction.
9 (RLIN) 26316
650 #1 - SUBJECT ADDED ENTRY--TOPICAL TERM
Topical term or geographic name as entry element Mice
Form subdivision Fiction.
9 (RLIN) 26317
650 #1 - SUBJECT ADDED ENTRY--TOPICAL TERM
Topical term or geographic name as entry element Animals
Form subdivision Fiction.
9 (RLIN) 26318
650 #1 - SUBJECT ADDED ENTRY--TOPICAL TERM
Topical term or geographic name as entry element Pyramids
Form subdivision Fiction.
9 (RLIN) 26319
650 #1 - SUBJECT ADDED ENTRY--TOPICAL TERM
Topical term or geographic name as entry element Journalists
Form subdivision Fiction.
9 (RLIN) 26320
650 #1 - SUBJECT ADDED ENTRY--TOPICAL TERM
Topical term or geographic name as entry element Adventure and adventurers
Form subdivision Fiction.
9 (RLIN) 26321
650 #1 - SUBJECT ADDED ENTRY--TOPICAL TERM
Topical term or geographic name as entry element Humorous stories.
9 (RLIN) 3831
651 #1 - SUBJECT ADDED ENTRY--GEOGRAPHIC NAME
Geographic name Egypt
Form subdivision Fiction.
9 (RLIN) 26322
856 42 - ELECTRONIC LOCATION AND ACCESS
Materials specified Publisher description
Uniform Resource Identifier <a href="http://www.loc.gov/catdir/description/schol051/2004301114.html">http://www.loc.gov/catdir/description/schol051/2004301114.html</a>
906 ## - LOCAL DATA ELEMENT F, LDF (RLIN)
a 7
b cbc
c copycat
d 2
e ncip
f 20
g y-gencatlg
942 ## - ADDED ENTRY ELEMENTS (KOHA)
Source of classification or shelving scheme Library of Congress Classification
Koha item type
Holdings
Withdrawn status Lost status Source of classification or shelving scheme Damaged status Home library Current library Shelving location Date acquired Total Checkouts Full call number Barcode Date last seen Date checked out Copy number Price effective from Koha item type
    Library of Congress Classification   Luxembourg Library Luxembourg Library Scholastic Reading Center Section 10/08/2013 1 PZ 7 .St857Ccp 2004 LEX2288 04/18/2017 10/02/2014 1 10/08/2013 Books

The curse of the cheese pyramid /

APA

Stilton G., . (2004). The curse of the cheese pyramid. New York: Scholastic.

Chicago

Stilton Geronimo, . 2004. The curse of the cheese pyramid. New York: Scholastic.

Harvard

Stilton G., . (2004). The curse of the cheese pyramid. New York: Scholastic.

MLA

Stilton Geronimo, . The curse of the cheese pyramid. New York: Scholastic. 2004.

  • Place hold
  • Print
  • Cite
  • Add to your cart (remove)
  • Save record
    BIBTEX Dublin Core MARCXML MARC (non-Unicode/MARC-8) MARC (Unicode/UTF-8) MARC (Unicode/UTF-8, Standard) MODS (XML) RIS
  • More searches
    Search for this title in:
    Other Libraries (WorldCat) Other Databases (Google Scholar) Online Stores (Bookfinder.com) Open Library (openlibrary.org)

Exporting to Dublin Core...

SOUTHVILLE LIBRARY

Southville International School and Colleges Library

1281 Tropical Ave. Cor. Luxembourg St., BF Homes International, Las Pinas City

Tel. No. 8256374 / 252358 Loc. 117/146

Powered by Koha